000 00660cab a2200217 4500
001 ABS45297
008 090401t1991 xxu||||| |||| 00| 0 eng d
035 _a(Sirsi) u52168
041 _aeng
100 _aRees, W.H.
245 4 _aThe expert witness and the advocate
260 _c1991
350 _a0
490 _aEstates Gazette
_v(9138) 28 September 1991, 104-209(2)
520 _aReviews case law which considers the position of the expert witness including "University of Warwick v Sir Robert McAlpine" and "In re J (a minor)".
650 _aCASE LAW
650 _aEXPERT WITNESS
_96239
690 _aLAW
942 _n0
948 _c04/03/1997
999 _c32363
_d32363